Open Data Biblioteca Nacional de Portugal


República Portuguesa: Ministério da Cultura
Biblioteca Nacional de Portugal

Catálogo da BNP: acesso por Identificadores Unívocos
Registos Bibliográficos associados ao registo de autoridade

Etiqueta de registo: 00000nam 2200025 450
001 2007242
003 http://id.bnportugal.gov.pt/bib/catbnp/2007242
010 ## $a978-989-54170-7-0
021 ## $aPT$b444398/18
100 ## $a20181204d2018 m y0pory01030103ba
101 0# $apor
102 ## $aPT
105 ## $aa z 000gy
106 ## $ar
200 1# $aConfessável$fFilipa Carneiro
205 ## $a1ª ed
210 #9 $a[S.l.]$cPastelaria Studios,$d2018
215 ## $a57, [3] p.$cil.$d21 cm
225 2# $aQuando a poesia caminha...
675 ## $a821.134.3-1"20"$vBN$zpor$31023893
700 #1 $aCarneiro,$bFilipa$31734070
801 #0 $aPT$bBN$gRPC
856 41 $uhttp://rnod.bnportugal.gov.pt/ImagesBN/winlibimg.aspx?skey=&doc=2007242&img=117732&save=true
900 ## $aBIBNAC$d20181212
966 ## $lBN$mFGMON$sL. 146221 V.$x1

Etiqueta de registo: 00000nam 2200025 450
001 2055300
003 http://id.bnportugal.gov.pt/bib/catbnp/2055300
010 ## $a978-989-54889-0-2
021 ## $aPT$b472573/20
100 ## $a20200922d2020 m y0pory01030103ba
101 0# $apor
102 ## $aPT
105 ## $ay z 000gy
106 ## $ar
200 1# $aIndelével$fFilipa Carneiro
205 ## $a1ª ed
210 #9 $aLisboa$cIn-Finita,$d2020
215 ## $a61, [1] p.$d21 cm
675 ## $a821.134.3(665.8)-1"20"$vBN$zpor$31367033
700 #1 $aCarneiro,$bFilipa$31734070
801 #0 $aPT$bBN$gRPC
856 41 $uhttp://rnod.bnportugal.gov.pt/ImagesBN/winlibimg.aspx?skey=&doc=2055300&img=142618&save=true
900 ## $aBIBNAC$d20200922
966 ## $lBN$mFGMON$sL. 152646 V.$x1

OpendataBNP@bnportugal.pt | Mais informação sobre acesso aos dados BNP